| 000 | 00994nam0a2200289 4500 | ||
|---|---|---|---|
| 001 | RU\NLR\bibl\1731822 | ||
| 005 | 20250616080058.0 | ||
| 035 | _a(NLR Aleph) 001722769 | ||
| 090 |
_a1350261 _c1350261 |
||
| 100 | _a20110204d2011 |||y0rusy50 ca | ||
| 101 | 0 | _arus | |
| 102 | _aRU | ||
| 105 | _ay ||||||||| | ||
| 200 | 1 |
_aПрерванная миссия _fКарен Микаелян _gБ-ка центра рус.-арм. инициатив |
|
| 210 |
_a[Б.м.] _c[б.и.] _d[2011] |
||
| 215 |
_a17, [1] с. _d16 |
||
| 607 |
_aАрмения _xВзаимоотношения _yРоссия _92613634 _3RU\NLR\auth\661550192 |
||
| 607 |
_aРоссия _xВзаимоотношения _yАрмения _92613632 _3RU\NLR\auth\661550190 |
||
| 686 | _aТ3(2)0-64(5Ар) | ||
| 686 | _aТ3(5Ар)0-64(2) | ||
| 700 | 1 |
_aМикаелян _bК. _gКарен _4070 |
|
| 801 | 0 |
_aRU _bNLR _c20110204 _gRCR |
|
| 801 | 1 |
_aRU _bNLR _c20110204 |
|
| 942 | _cBOOK | ||
| 980 | _aNB | ||
| 980 | _aNBR | ||